01704 2200445 4500001002100000005001500021035002000036007000300056008004100059020002200100040002200122082001600144084001800160090002200178090002200200100003300222245035100255250002800606300003000634500006100664650003000725700003000755700003200785700003300817700003700850700002500887700003500912700002600947700003400973700002701007700003101034700003201065850001201097041000801109264004501117336002101162337003001183338002301213990002201236INLIS00000000084650520190425024448 a0010-0419001364ta190425r2018 yoi g 0 j ind d a978-602-6541-83-3 aYOPDYOGbinderda04223a808.301 a808.301 WAN m aDEP 808.301 WAN m aCB-D.11 2018-19070 aWana Rizqy Avansyahepenulis10aMisteri pena literasi :bantologi cerpen siswa-siswi SMK Penerbangan AAG Adisutjipto Yogyakarta /cpenulis, Wana Rizqy Avansyah, Aditya Bimantoro, Andhini Sekar Taji, Nuske Lisa Marlissa, Astri Mellania Syafitri, Habib Thoha, Arizal Setyawan Fauzi, Anwar Armadi Lexsana, Ardan Safrian, Jihan Nur Safitri, Rafin Alfian Putra; editor, Muhsin Kalida aCetakan ke 1, Juli 2018 axii, 116 halaman ;c21 cm aDiterbitkan kerjasama dengan Yasuka Institute Yogyakarta 4aCerita pendek--xKumpulan0 aAditya Bimantoroepenulis0 aAndhini Sekar Tajiepenulis0 aNuske Lisa Marlissaepenulis0 aAstri Mellania Syafitriepenulis0 aHabib Thohaepenulis0 aArizal Setyawan Fauziepenulis0 aMuhsin Kalidaeeditor0 aAnwar Armadi Lexsanaepenulis0 aArdan Safrianepenulis0 aJihan Nur Safitriepenulis0 aRafin Alfian Putraepenulis aYOPDYOG0 aind31aYogyakarta :bLembaga Ladang Kata,c2018 2rdacontentateks 2rdamediaatanpa perantara 2rdacarrieravolume aCB-D.11/2018-1907